Sportifs en P - Statistiques

Statistiques générales
  • Ce quiz a été pris 158 fois
  • Le résultat moyen est 11 sur 16
Statistiques - réponses
Par images Réponse % Correct
Pelé
98%
Emmanuel Petit
87%
Pedri
86%
Benoit Paire
85%
Carles Puyol
80%
Michael Phelps
74%
Alain Prost
73%
Andrea Pirlo
73%
Javier Pastore
69%
Jean-Pierre Papin
65%
Pauleta
64%
Marie-José Perec
50%
Thibaut Pinot
50%
Christian Pulisic
49%
Raymond Poulidor
38%
Alexis Pinturault
33%
Aucun quiz correspondant
Distribution des résultats
% des personnes avec chaque résultat
Percentile par nombre de réponses
Votre historique - résultats
Vous n’avez pas pris ce quiz